| 000 | 01026 a2200217 4500 | ||
|---|---|---|---|
| 005 | 2008090807267.0 | ||
| 008 | 080908t xxu||||| |||| 00| 0 hin d | ||
| 010 | _aHIN-79123 | ||
| 020 |
_c200.00 _a8189000691 |
||
| 035 | _aHN-51470 | ||
| 037 | _bD.B.Act / pub | ||
| 082 | _a230.31 | ||
| 100 | _aअरूण | ||
| 245 |
_aअनासक्त कर्मयोगी कृष्ण _cअरूण |
||
| 246 |
_aAnasakt karamyogi _bby Arun |
||
| 260 |
_aनई दिल्ली _bविश्वभारती पब्लिकेशन्स _c2006 |
||
| 270 |
_a4378/4बी, अंसारी रोड, दरियागंज _bनई दिल्ली _e110002 _k23285119 |
||
| 300 |
_a128पृ _c22 सेमी (सजिल्द) |
||
| 942 |
_adpl _cHN _k230.31 / अरूण _2ddc _h230.31 _m अरूण |
||
| 999 |
_c1260 _d1260 |
||